000171801 001__ 171801
000171801 005__ 20260603114408.0
000171801 0247_ $$2doi$$a10.1016/j.rlfa.2026.100576
000171801 0248_ $$2sideral$$a149524
000171801 037__ $$aART-2026-149524
000171801 041__ $$aspa
000171801 100__ $$0(orcid)0000-0003-3649-4287$$aPuyuelo Sanclemente, Miguel
000171801 245__ $$aAnálisis de la Producción Científica en la Revista de Logopedia Foniatría y Audiología en el decenio 2016-2025
000171801 260__ $$c2026
000171801 5203_ $$aLa Asociación Española de Logopedia, Foniatría y Audiología (AELFA), actualmente AELFA-IF, fue fundada en 1960. En sus inicios, comenzó a editar el denominado «Boletín de AELFA», el cual mantuvo una periodicidad de tres o cuatro números anuales hasta 1971. Posteriormente, entre 1973 y 1977, la difusión se realizó en colaboración con la Asociación Argentina de Logopedia a través de la revista Fonoaudiológica. Tras un periodo sin una publicación oficial desde 1977, en 1981 se fundó la actual cabecera (Perelló, 1981). La Revista de Logopedia, Foniatría y Audiología, en su formato actual, cuenta con una trayectoria de 46 años, siendo un medio relevante de comunicación de la producción científica especialmente en relación a logopedia en el ámbito de habla hispana, con colaboraciones de autores españoles y latino americanos, pero también del ámbito anglo sajón especialmente de Norte América.
000171801 540__ $$9info:eu-repo/semantics/closedAccess$$aAll rights reserved$$uhttp://www.europeana.eu/rights/rr-f/
000171801 655_4 $$ainfo:eu-repo/semantics/other$$vinfo:eu-repo/semantics/publishedVersion
000171801 773__ $$g46, 2 (2026), 100576 [5 p.]$$pRev. logop. foniatr. audiol.$$tRevista de Logopedia, Foniatria y Audiologia$$x0214-4603
000171801 8564_ $$s587926$$uhttps://zaguan.unizar.es/record/171801/files/texto_completo.pdf$$yVersión publicada$$zinfo:eu-repo/date/embargoEnd/2027-05-27
000171801 8564_ $$s3258400$$uhttps://zaguan.unizar.es/record/171801/files/texto_completo.jpg?subformat=icon$$xicon$$yVersión publicada$$zinfo:eu-repo/date/embargoEnd/2027-05-27
000171801 909CO $$ooai:zaguan.unizar.es:171801$$particulos$$pdriver
000171801 951__ $$a2026-06-03-11:05:38
000171801 980__ $$aARTICLE